000 00393nam a2200145Ia 4500
008 230917s9999||||xx |||||||||||||| ||und||
040 _e122795
_aMAIN
041 _aEnglish
082 _a005.73 L664S
100 _aLipschutz, Seymour
245 0 _aSchaum's outline of theory and problems of data structure
260 _aNew Delhi
_bTata McGraw-Hill
_c2002
300 _a344 p.
942 _cBK
999 _c130688
_d130688